ཤེས༌མཛད། རིག་གཞུང་ཞིབ༌འཚོལ༌དུས༌དེབ། (Record no. 8047)

MARC details
000 -LEADER
fixed length control field 00634nam a22001577a 4500
008 - FIXED-LENGTH DATA ELEMENTS--GENERAL INFORMATION
fixed length control field 190705b ||||| |||| 00| 0 eng d
082 ## - DEWEY DECIMAL CLASSIFICATION NUMBER
Classification number 954.98 D69s 2016
100 ## - MAIN ENTRY--PERSONAL NAME
Personal name Dorji, Tenzin
245 ## - TITLE STATEMENT
Title ཤེས༌མཛད། རིག་གཞུང་ཞིབ༌འཚོལ༌དུས༌དེབ།
Remainder of title འཐོན༌རིམ༌བཞི༌པ། སྐད༌རིག༌དང༌རྩོམ༌རིག༌
260 ## - PUBLICATION, DISTRIBUTION, ETC.
Place of publication, distribution, etc. Trongsa ;
Name of publisher, distributor, etc. History and Culture Center,
Date of publication, distribution, etc. 2016.
300 ## - PHYSICAL DESCRIPTION
Extent viii, 138 p.
Dimensions 24 cm.
650 ## - SUBJECT ADDED ENTRY--TOPICAL TERM
Topical term or geographic name entry element Rigzhung Research Journal, Issue 4
700 ## - ADDED ENTRY--PERSONAL NAME
Personal name Tshering, Paljor.
Personal name Tshering Tashi.
942 ## - Added entry Elements (Koha)
Source of classification or shelving scheme Dewey Decimal Classification
Holdings
Withdrawn status Lost status Source of classification or shelving scheme Damaged status Not for loan Collection code Home library Current library Shelving location Date acquired Serial Enumeration / chronology Total Checkouts Full call number Barcode Date last seen Copy number Price effective from Koha item type
    Dewey Decimal Classification     Dzongkha RTC Library RTC Library Dzongkha 05/07/2019 13955   954.98 DOR 30013767 05/07/2019 6 05/07/2019 Dzongkha
    Dewey Decimal Classification     Dzongkha RTC Library RTC Library Dzongkha 05/07/2019 13956   954.98 DOR 30013810 05/07/2019 5 05/07/2019 Dzongkha
    Dewey Decimal Classification     Dzongkha RTC Library RTC Library Dzongkha 05/07/2019 13957   954.98 DOR 30013760 05/07/2019 4 05/07/2019 Dzongkha
    Dewey Decimal Classification     Dzongkha RTC Library RTC Library Dzongkha 05/07/2019 13958   954.98 DOR 30013800 05/07/2019 3 05/07/2019 Dzongkha
    Dewey Decimal Classification     Dzongkha RTC Library RTC Library Dzongkha 05/07/2019 13959   954.98 DOR 30013817 05/07/2019 2 05/07/2019 Dzongkha
    Dewey Decimal Classification     Dzongkha RTC Library RTC Library Dzongkha 05/07/2019 13960   954.98 DOR 30013825 05/07/2019 1 05/07/2019 Dzongkha
Royal Thimphu College || All Right Reserved